Jednotný národ mezi přáním a skutečností

Juhoafrická republika - krajina protikladov. Nedôsledne riešené sociálne a ekonomické problémy, kriminalita. Koniec aparteidu v politike, ale pretrvávanie v iných oblastiach. Vládna politika Black economic empowerment. Kooptácia občanov čiernej pleti - pripojenie elity čiernej pleti k prosperujúcej...

Descrizione completa

Salvato in:
Dettagli Bibliografici
Autore principale: Skalník, Petr
Natura: Capitolo di libro
Lingua:ceco
Soggetti:
Tags: Aggiungi Tag
Nessun Tag, puoi essere il primo ad aggiungerne!!

MARC

LEADER 00000naa$a2200000$$$4500
001 0116195
005 20231016094200.6
041 0 |a cze 
044 |a CZ 
245 1 0 |a Jednotný národ mezi přáním a skutečností  |c Petr Skalník 
520 |a Juhoafrická republika - krajina protikladov. Nedôsledne riešené sociálne a ekonomické problémy, kriminalita. Koniec aparteidu v politike, ale pretrvávanie v iných oblastiach. Vládna politika Black economic empowerment. Kooptácia občanov čiernej pleti - pripojenie elity čiernej pleti k prosperujúcej vrstve belochov. Udržiavanie vedomia odlišnosti. Politické správanie podľa etnického a rasového kritéria. AIDS ako nová metla. 
610 2 0 |a politika vnútorná 
610 2 0 |a vláda 
610 2 0 |a situácia hospodárska 
610 2 0 |a chudoba 
610 2 0 |a kriminalita 
610 2 0 |a spoločnosť 
610 2 0 |a Juhoafrická republika 
100 1 |a Skalník, Petr